LEADER 01048nam a2200229 i 4500 001 000000172934 003 CaOOAMICUS 005 20080701000000.0 008 080701s1917 gw u000 u ger u 013 $a150385 040 $aSeMil$bita 100 1 $aRolland, Romain,$d<1866-1944>.$0(OLS)http://semarc/name/20437 240 10$aJean-Christoph.$0(OLS)http://semarc/title/247762 245 10$aJohann Christof :$bKinder und Jugendjahre : Roman /$cRomain Rolland ; [berechtigte Übertragung aus dem französischen von Otto und Erna Grautoff]. 260 $aFrankfurt a.M. :$bRütten & Loening,$c1917. 300 $a801 p. ;$c19 cm. 700 1 $aGrautoff, Erna.$0(OLS)http://semarc/name/64632 700 1 $aGrautoff, Otto.$0(OLS)http://semarc/name/64633 850 $aSeMil 852 $aSeMil$W1$xVenegono$y1$m1W VI 60$j123785$B123785$CSeMilBibl$Z2$F134879 $81 996 $6245$aJohann Christof :$bKinder und Jugendjahre : Roman$9(OLS)http://semarc/title/247761 996 $6260$aFrankfurt a.M. :$bRütten & Loening$9(OLS)http://semarc/publisher/49171 LEADER 01195nam a2200217 i 4500 001 000000180584 003 CaOOAMICUS 005 20090827000000.0 008 090827s1950 it u000 u ita u 013 $a158264 040 $aSeMil$bita 245 10$aGuida dell'Italia Cattolica :$bcon una premessa orientativa per la dottrina, la storia e l'arte della Chiesa e un dizionarietto ecclesiastico /$ca cura di Mons. Pietro Barbieri e del Prof. Ulisse Pucci. 260 $aRoma :$bED.A.S. Edizioni per l'anno santo 1950,$c1950. 300 $a1359 p. :$bill. ;$c18 cm. 500 $aIn mezzo al front : con 18 carte e piantine. 8 Tavole. 160 Illustrazioni originali nel testo. 700 1 $aPucci, Ulisse.$0(OLS)http://semarc/name/54850 700 1 $aBarbieri, Pietro.$0(OLS)http://semarc/name/40123 850 $aSeMil 852 $aSeMil$W1$xVenegono$y1$m1509 1 *$j131332$B131332$CSeMilBibl$Z2$F143770 $81 996 $6245$aGuida dell'Italia Cattolica :$bcon una premessa orientativa per la dottrina, la storia e l'arte della Chiesa e un dizionarietto ecclesiastico$9(OLS)http://semarc/title/259309 996 $6260$aRoma :$bED.A.S. Edizioni per l'anno santo 1950$9(OLS)http://semarc/publisher/49580